000 00733nam a2200217Ia 4500
008 130821s1977 ag gr spa
040 _aCo-BoUCM
_bspa
041 _aspa
245 _aIntroducción a la psicolingüística
_cJean Piaget; Julian de Ajuriaguerra.
260 _aBuenos Aires (Argentina)
_bNueva Visión
_c1977
300 _a241 páginas
490 _aPsicología Contemporánea
500 _aNotas al pie de página.
650 0 4 _aPsicolingüística
_922796
650 0 4 _aPsicología
_98001
650 0 4 _aTeoría lingüística
_9440
700 _aAjuriaguerra, Julián de
_9146459
700 _aPiaget, Jean
_d1896-1980
_957288
942 _cLIBRO
_a12
_e1
_mI57
_2DEWEY
_h401.9
999 _c8486
_d8486